000 01141nam a2200289 i 4500
003 DO-SdBNP
005 20240301142627.0
007 ta
008 230524e2018 dr ||||| |||| 00| 0 spa d
020 _a9789945613049
040 _aDO-SdBNP
_bspa
_cBNPHU
_erda
082 4 _a972.93052
_bN789o 2018
_222
100 1 _aNolasco, Sócrates,
_d1884-1980
_eautor
_922323
245 1 3 _aLa ocupación militar de Santo Domingo por Estados Unidos de América 1916-1924 /
_cSócrates Nolasco ; prólogo, Ruth Nolasco Lamarche
264 _aSanto Domingo :
_bArchivo General de la Nación,
_c2018
300 _a200 páginas ;
_c23 cm.
336 _2rdacontent
_atexto
_btxt
337 _2rdamedia
_asin mediación
_bn
338 _2rdacarrier
_avolumen
_bnc
490 _aArchivo General de la Nación ;
_v333
500 _aIncluye datos biográficos del autor en las solapas de la cubiertas
590 _aInventariado, 2023/BT
651 4 _aRepública Dominicana
_xHistoria
_yOcupación Estadounidense, 1916-1924
_954249
700 _aNolasco Lamarche, Ruth,
_eprólogo
_983449
910 _aBtavárez/Validado. Control de calidad MFF
942 _2ddc
_cLBS1
999 _c53607
_d53607